000
00260nam a22001217a 4500
008
170621b xxu||||| |||| 00| 0 eng d
041
_a
eng
080
_a
32
100
_a
20
101
_a
SHP
245
_a
EUROPEAN POLITICS I
_c
ANDREWS,W.G
942
_2
udc
_c
BK
999
_c
18501
_d
18501